00726nas a2200229 4500001001000000003000900010005001700019007000300036008003400039040005400073041000900127072000800136100002000144100001400164245008100178650001600259650002200275650001500297650001700312773011500329856005200444BR0902909BR-BrBNA20231205113427.0ta230509b bl.|||p| |||| 00| 00por d aBR-BrBNAbporcBiblioteca Nacional de Agricultura a(Pt) aF021 aCampos, C.C. de1 aPetry, C.1 aPropagação vegetativa e potencial paisagístico de uma verbena rasteira aVERBENACEAE aPLANTA ORNAMENTAL aPAISAGISMO aFLORICULTURA0 tRevista Brasileira de Horticultura Ornamental (Brazil)xISSN 1809-6093g(2009), v. 14(2) p. 169-178wBR090290940uhttp://www.aprh.pt/rgci/pdf/rgci-155_Borges.pdf